[Event "Milan Palladino Memorial"]
[Site "Milan"]
[Date "2009.04.11"]
[Round "2"]
[White "Salmoiraghi, Angelo"]
[Black "Angalone, Ruggero"]
[Result "1-0"]
[WhiteElo "2136"]
[BlackElo "1611"]
[PlyCount "33"]
[EventDate "2009.04.10"]
[EventType "swiss"]
[EventRounds "6"]
[EventCountry "ITA"]
[SourceTitle "EXT 2011"]
[Source "ChessBase"]
[SourceDate "2010.11.26"]
[SourceVersion "1"]
[SourceVersionDate "2010.11.26"]
[SourceQuality "1"]

1. e4 g6 2. d4 Bg7 3. Nc3 d6 4. Be3 Nd7 5. Qd2 Ngf6 6. f3 0-0 7. Bh6 b6 8. h4 c5 9. Nge2 cxd4 10. Nxd4 Ne5 11. h5 Nxh5 12. Bxg7 Kxg7 13. g4 Nf6 14. Qh6+ Kg8 15. Nd5 Ned7 16. Nc6 Qe8 17. Nc7 1-0

[Event "Robecchetto op-B 19th"]
[Site "Robecchetto"]
[Date "2008.12.29"]
[Round "4"]
[White "Angalone, Ruggero"]
[Black "Madaschi, Sergio"]
[Result "0-1"]
[WhiteElo "1443"]
[BlackElo "1619"]
[PlyCount "60"]
[EventDate "2008.12.27"]
[EventType "swiss"]
[EventRounds "6"]
[EventCountry "ITA"]
[SourceTitle "EXT 2011"]
[Source "ChessBase"]
[SourceDate "2010.11.26"]
[SourceVersion "1"]
[SourceVersionDate "2010.11.26"]
[SourceQuality "1"]

1. e4 e5 2. f4 exf4 3. Nf3 g5 4. Bc4 d6 5. 0-0 Bg7 6. d4 Bg4 7. c3 Bxf3 8. Qxf3 c6 9. h4 h6 10. g3 Qf6 11. gxf4 gxh4 12. e5 Qg6+ 13. Qg2 Qxg2+ 14. Kxg2 d5 15. Bd3 Nd7 16. b3 0-0-0 17. Ba3 Re8 18. Nd2 h5 19. Nf3 Nh6 20. Rae1 Ng4 21. Nxh4 Bf8 22. Bxf8 Rhxf8 23. Nf5 Kc7 24. Nd6 Rd8 25. Rh1 f6 26. Kf3 fxe5 27. dxe5 Ndxe5+ 28. Ke2 Nxd3 29. Nb5+ cxb5 30. Kxd3 Nf2+ 0-1